00233nam a2200097Ia 4500008004100000041001200041100001700053245005300070260000600123650000600129221030s9999 xx 000 0 und d aEnglish aA. P. Mathur 0aIntroduction ot Microprocessorscby A. P. Mathur c0 aB